000 01707nam a2200229Ia 4500
008 260220t1992||||xx |||||||||||||| ||spa||
040 _aPY-SlUNAC
_bspa
_erda
041 _aspa
082 _a550
_bP174p
245 0 _aEl paleozoico inferior en Latinoamérica y la génesis del Gondwana
264 _aSan Miguel de Tucumán :
_bINSUGEO,
_c℗1992.
300 _a1 volumen
520 _aEl libro "El paleozoico inferior en Latinoamérica y la génesis del Gondwana", editado en 1992 y publicado por INSUGEO en San Miguel de Tucumán, ofrece un análisis exhaustivo de la geología y paleontología de la región durante el Paleozoico Inferior. A través de estudios detallados de formaciones rocosas, fósiles y estructuras geológicas, se exploran los procesos tectónicos y sedimentarios que contribuyeron a la formación del supercontinente Gondwana. Los autores destacan la importancia de la evidencia fósil en la reconstrucción de ambientes antiguos y la evolución de la vida en esta era, así como la correlación entre los registros geológicos de Latinoamérica y otras regiones del mundo. Además, el libro discute la implicancia de estos hallazgos para comprender la dinámica de la Tierra en el contexto de la deriva continental y el cambio climático a lo largo de la historia geológica. Este trabajo es fundamental para investigadores que buscan entender la evolución geológica de Latinoamérica y su relación con la historia del planeta.
653 _aGeología
653 _aGondwana
653 _aPaleozoico
942 _b2026/02/17
_cBK
999 _c7991
_d7991